The Legend of Zelda: Breath of the Wild Divine Beasts - Statistics

General Stats
  • This quiz has been taken 51 times
  • The average score is 13 of 17
Answer Stats
Hint Answer % Correct
Champion Champion Daruk
91%
Champion Champion Mipha
88%
Champion Champion Revali
88%
Divine Beast Divine Beast Vah Naboris
88%
Divine Beast Divine Beast Vah Rudania
88%
Divine Beast Divine Beast Vah Ruta
88%
Boss Waterblight Ganon
88%
Boss Fireblight Ganon
84%
Boss Thunderblight Ganon
84%
Boss Windblight Ganon
84%
Champion Campion Urbosa
81%
Divine Beast Divine Beast Vah Medoh
78%
Reward Mipha's Grace
72%
Reward Daruk's Protection
69%
Reward Revali's Gale
69%
Reward Urbosa's Fury
69%
Reward Heart Container
34%
No matching quizzes found
Score Distribution
Percent of People with Each Score
Percentile by Number Answered
Your Score History
You have not taken this quiz